| 000 | 00372pab a2200157 454500 | ||
|---|---|---|---|
| 008 | 180718b2011 xxu||||| |||| 00| 0 eng d | ||
| 100 | _aChopra, Rohit | ||
| 245 | _aResurrection and normalisation of empire | ||
| 260 | _c2011 | ||
| 300 | _ap.42-49. | ||
| 362 | _a26 Mar | ||
| 650 | _aEmpire | ||
| 773 | _aEconomic and Political Weekly | ||
| 908 | _aN | ||
| 909 | _a91148 | ||
| 999 |
_c91148 _d91148 |
||